| 000 | 00413nam a2200181Ia 4500 | ||
|---|---|---|---|
| 008 | 210210b1960 xxu||||| |||| 00| 0 eng d | ||
| 082 | _a331/101 | ||
| 100 | _aHAZARAY (M R) | ||
| 245 | _aCurrency and banking in India | ||
| 260 |
_aAllahabad _bKitab mahal _c1960 |
||
| 650 | _aIndia | ||
| 650 | _ain | ||
| 650 | _aCurrency | ||
| 650 | _abanking | ||
| 650 | _aand | ||
| 690 | _aEconomics | ||
| 906 | _a004003 | ||
| 999 |
_c122235 _d122235 |
||